00354nam a2200145Ia 4500008004100000020001500041041001200056082001600068100001200084245005500096250000800151260002500159300000800184650001600192221030s9999 xx 000 0 und d a8120310373 aEnglish a105.23bAbe aP. Abel 0aIBM PC Assembly Language & Programmingcby P. Abel a3rd bPHIaNew Delhic1978 a592 aBE Computer